| 000 | 00496nam a2200193 4500 | ||
|---|---|---|---|
| 003 | OSt | ||
| 005 | 20260601193907.0 | ||
| 008 | 260520b |||||||| |||| 00| 0 spa d | ||
| 040 |
_aICI _bspa _cICI _erda |
||
| 050 |
_aN72.P6 _bC63 |
||
| 100 |
_aCervantes, Abel _eautor _934640 |
||
| 245 | _aCódigo | ||
| 264 |
_aMéxico _bEditorial Código _c2014 |
||
| 300 | _a120 páginas | ||
| 336 |
_2rdacontent _atexto |
||
| 337 |
_2rdamedia _asin medio |
||
| 338 |
_2rdacarrier _avolumen |
||
| 942 |
_2lcc _n1 _cB |
||
| 999 |
_c22439 _d22439 |
||